Estructura y organización económica internacional. (Record no. 142954)

MARC details
000 -LEADER
campo de control de longitud fija 00844nam a2200241 i 4500
001 - NÚMERO DE CONTROL
campo de control 142954
003 - IDENTIFICADOR DE NÚMERO DE CONTROL
campo de control ES-MaACL
005 - FECHA Y HORA DE LA ÚLTIMA TRANSACCIÓN
campo de control 20250814231554.0
007 - CAMPO FIJO DE DESCRIPCIÓN FÍSICA--INFORMACIÓN GENERAL
campo de control de longitud fija t|
008 - DATOS DE LONGITUD FIJA--INFORMACIÓN GENERAL
campo de control de longitud fija 071011s1973 sp ||||1| spa d
020 ## - NÚMERO INTERNACIONAL ESTÁNDAR DEL LIBRO
Número Internacional Estándar del Libro 84-7222-232-2
080 ## - NÚMERO DE LA CLASIFICACIÓN DECIMAL UNIVERSAL
Número de la Clasificación Decimal Universal 335.5
100 1# - ENTRADA PRINCIPAL--NOMBRE DE PERSONA
Nombre de persona Vidal Villa, José María.
9 (RLIN) 114521
245 10 - MENCIÓN DEL TÍTULO
Título Estructura y organización económica internacional.
Número de parte o sección de la obra 1,
Nombre de parte o sección de la obra Iniciación a la economía marxista /
Mención de responsabilidad, etc. José María Vidal Villa.
246 3# - FORMA VARIANTE DEL TITULO
Título propio/Titulo breve Iniciación a la economía marxista
260 ## - PUBLICACIÓN, DISTRIBUCIÓN, ETC.
Lugar de publicación, distribución, etc. Barcelona :
Nombre del editor, distribuidor, etc. Laia,
Fecha de publicación, distribución, etc. 1973.
300 ## - DESCRIPCIÓN FÍSICA
Extensión 1 v. (199 p.) ;
Dimensiones 19 cm.
490 1# - MENCIÓN DE SERIE
Mención de serie Ediciones de bolsillo. Ciencias sociales. Economía ;
Designación de volumen o secuencia 258
650 #4 - PUNTO DE ACCESO ADICIONAL DE MATERIA--TÉRMINO DE MATERIA
Término de materia o nombre geográfico como elemento de entrada Economía marxista.
9 (RLIN) 12033
830 10 - PUNTO DE ACCESO ADICIONAL DE SERIE-TÍTULO UNIFORME
Título uniforme Ediciones de bolsillo.
Nombre de parte o sección de la obra Ciencias sociales
Designación de volumen o secuencia 258
9 (RLIN) 183539
852 4# - LOCALIZACIÓN
Ubicación ES-MaACL
Número de control de estantería P-1879
Holdings
Estatus retirado Estado de pérdida Estado de daño No para préstamo Biblioteca de origen Biblioteca actual Ubicación en estantería Fecha de adquisición Fuente de adquisición Total de préstamos Signatura topográfica completa Código de barras Visto por última vez Precio de reemplazo Tipo de ítem Koha
        Biblioteca del Ateneo de Madrid Biblioteca del Ateneo de Madrid Depósito 2 17/01/2008     P-1879 1148737 23/02/2023 23/02/2023 Libro impreso